জীবন ও অর্থনীতি : (Record no. 61255)
[ view plain ]
| 000 -LEADER | |
|---|---|
| fixed length control field | 01569nam a2200277 a 4500 |
| 001 - CONTROL NUMBER | |
| control field | 61255 |
| 003 - CONTROL NUMBER IDENTIFIER | |
| rucl marc code | BD-RjUL |
| 005 - DATE AND TIME OF LATEST TRANSACTION | |
| control field | 20211209080935.0 |
| 008 - FIXED-LENGTH DATA ELEMENTS--GENERAL INFORMATION | |
| fixed length control field | 170116s1971 bg a|||| ||| 000 0 ben d |
| 020 ## - INTERNATIONAL STANDARD BOOK NUMBER | |
| Terms of availability | : Tk. 3.50 |
| 035 ## - SYSTEM CONTROL NUMBER | |
| System control number | (BD-RjUL)61379 |
| 040 ## - CATALOGING SOURCE | |
| Original cataloging agency | BD-RjUL |
| Language of cataloging | ben |
| Transcribing agency | BD-RjUL |
| Modifying agency | BD-RjUL |
| 041 ## - LANGUAGE CODE | |
| Language code of text/sound track or separate title | ben |
| 082 ## - DEWEY DECIMAL CLASSIFICATION NUMBER | |
| Edition number | 23 |
| Classification number | 330.973 |
| Author mark and year | GIJ 1971 |
| 100 10 - MAIN ENTRY--PERSONAL NAME | |
| Personal name | গিন্জ্বার্গ, এলি |
| 9 (RLIN) | 143822 |
| 245 10 - TITLE STATEMENT | |
| Title | জীবন ও অর্থনীতি : |
| Remainder of title | যুক্তরাষ্ট্রের অর্থ-ব্যবস্থার বাস্তব রুপরেখা / |
| Statement of responsibility, etc. | এলি গিন্জ্বার্গ, ডেল্ এল্ হাইস্ট্যাণ্ড , বিয়েত্রিস জি. রিউবেন্স ; অনুবাদ : খন্দকার তাফাজ্জুল হোসেন |
| 250 ## - EDITION STATEMENT | |
| Edition statement | ১ম প্রকাশ |
| 260 ## - PUBLICATION, DISTRIBUTION, ETC. (IMPRINT) | |
| Place of publication, distribution, etc. | ঢাকা : |
| Name of publisher, distributor, etc. | বুক ভিলা, |
| Date of publication, distribution, etc. | ১৯৭১ |
| 300 ## - PHYSICAL DESCRIPTION | |
| Pagination | [১৪] ২২৪ পৃ. : |
| Illustrations | চিত্র. |
| Size | ২১ সেমি. |
| 650 ## - SUBJECT ADDED ENTRY--TOPICAL TERM | |
| Topical term or geographic name as entry element | অর্থনীতি |
| Geographic subdivision | যুক্তরাষ্ট্র |
| 9 (RLIN) | 143823 |
| Topical term or geographic name as entry element | Economics |
| Geographic subdivision | USA |
| 9 (RLIN) | 143824 |
| 700 ## - ADDED ENTRY--PERSONAL NAME | |
| Personal name | হাইস্ট্যাণ্ড , ডেল্ এল্ , যুগ্ম লেখক |
| Personal name | রিউবেন্স, বিয়েত্রিস জি. , যুগ্ম লেখক |
| Personal name | হোসেন, খন্দকার তাফাজ্জুল, অনুবাদক |
| 942 ## - ADDED ENTRY ELEMENTS (KOHA) | |
| Source of classification or shelving scheme | Dewey Decimal Classification |
| Koha item type | Books |
| Lost status | Source of classification or shelving scheme | Damaged status | Not for loan | Collection code | Permanent Location | Current Location | Shelving location | Date acquired | Source of acquisition | Total Checkouts | Full call number | Date last seen | Copy number | Koha item type |
|---|---|---|---|---|---|---|---|---|---|---|---|---|---|---|
| Dewey Decimal Classification | Not For Loan | Non-fiction | Central Library, University of Rajshahi | Central Library, University of Rajshahi | Reading Room | 06/12/1971 | U.S.A | B 330.973 GIJ 1971 | 16/01/2017 | C-1 | Books |